Statistics for Most populated countries in 1900

Click here to take the quiz!

General Stats

  • This quiz has been taken 100 times
  • The average score is 33 of 50

Answer Stats

PopulationCountry/Empire% Correct
400,000,000Qing/China
98%
75,994,575United States of America
92%
46,605,000Japan
91%
17,984,000Brazil
90%
56,367,178Germany
89%
32,475,000Italy
89%
18,594,000Spain
89%
13,607,000Mexico
87%
31,706,300Ottoman Empire
87%
5,301,000Canada
85%
47,295,100Austria-Hungary
84%
78,790,700French Empire
83%
42,746,000Netherlands/Dutch East Indies
83%
4,542,000Argentina
82%
384,000,000British Empire
82%
4,157,000Colombia
82%
136,305,900Russian Empire
79%
6,693,500Belgium
78%
9,860,000Persia
78%
2,445,000Venezuela
78%
635,600Paraguay
77%
2,504,070Greece
76%
3,110,100Chile
75%
2,430,000Denmark
74%
3,000,000Peru
74%
1,766,000Bolivia
72%
2,579,800Serbia
72%
6,000,000Romania
71%
943,000Uruguay
71%
1,271,900Ecuador
68%
885,000Guatemala
67%
3,744,300Bulgaria
66%
6,320,000Siam
64%
429,300Nicaragua
61%
12,434,000Portuguese Empire
60%
3,315,400Switzerland
59%
4,550,000Afghanistan
57%
341,600Costa Rica
57%
600,000Dominican Republic
54%
801,000El Salvador
51%
641,000Liberia
49%
7,000,000Morocco
46%
3,599,000Nepal
46%
12,180,600Ethiopian Empire/Abyssinia
30%
7,354,400Sweden-Norway
26%
17,082,000Korean Empire
23%
400,000Orange Free State
7%
1,400,000South African Republic
5%
500,000Muscat and Oman
3%
600,000Spanish Honduras
3%

Score Distribution

Percentile by Number Answered

Percent of People with Each Score

Your Score History

You have not taken this quiz